Global telecommunications revolution (Record no. 30526)

MARC details
000 -LEADER
fixed length control field 00432nam a2200181Ia 4500
020 ## - INTERNATIONAL STANDARD BOOK NUMBER
ISBN 0-07-000786-1
050 ## - CALL MARK
Classification number HE7631.S56
100 ## - STATEMENT OF RESPONSIBILITY--MAIN AUTHOR NAME
Personal name Thomas J. Housel
245 #0 - TITLE STATEMENT
Title Global telecommunications revolution
260 ## - PUBLICATION, DISTRIBUTION, ETC. (IMPRINT)
Place of publication Boston
260 ## - PUBLICATION, DISTRIBUTION, ETC. (IMPRINT)
Name of publisher McGraw-Hill
260 ## - PUBLICATION, DISTRIBUTION, ETC. (IMPRINT)
Year of publication 2001
300 ## - PHYSICAL DESCRIPTION
Number of Pages 292 p
650 ## - SUBJECT ADDED ENTRY--TOPICAL TERM
Topical Term Business Communication
942 ## - ADDED ENTRY ELEMENTS (KOHA)
Koha item type Books
Holdings
Withdrawn status Lost status Source of classification or shelving scheme Damaged status Not for loan Permanent Location Current Location Date acquired Accession Number Price effective from Koha item type
    Library of Congress Classification     NILE UNIVERSITY OF NIGERIA - MAIN LIBRARY NILE UNIVERSITY OF NIGERIA - MAIN LIBRARY 04/23/2025 0003413 04/23/2025 Books